<?xml version="1.0" encoding="UTF-8"?>
<collection xmlns="http://www.loc.gov/MARC21/slim">
 <record>
  <leader>00804nam a22001931  4500</leader>
  <controlfield tag="001">1/49589</controlfield>
  <controlfield tag="008">930615s1992    gr       b    001 0 gre d</controlfield>
  <datafield tag="035" ind1=" " ind2=" ">
   <subfield code="l">1913</subfield>
  </datafield>
  <datafield tag="040" ind1=" " ind2=" ">
   <subfield code="a">GR-PeUP</subfield>
  </datafield>
  <datafield tag="082" ind1="0" ind2="0">
   <subfield code="a">338.4791 ΗΓ</subfield>
  </datafield>
  <datafield tag="100" ind1="1" ind2=" ">
   <subfield code="a">Ηγουμενάκης, Νικόλαος Γ.</subfield>
  </datafield>
  <datafield tag="245" ind1="1" ind2="0">
   <subfield code="a">Τουριστική οικονομία /</subfield>
   <subfield code="c">Νίκος Γ. Ηγουμενάκης</subfield>
  </datafield>
  <datafield tag="260" ind1=" " ind2=" ">
   <subfield code="a">Αθήνα :</subfield>
   <subfield code="b">Interbooks ,</subfield>
   <subfield code="c">1992</subfield>
  </datafield>
  <datafield tag="300" ind1=" " ind2=" ">
   <subfield code="a">2 τόμοι[555 σ.] ;</subfield>
   <subfield code="c">21 εκ.</subfield>
  </datafield>
  <datafield tag="300" ind1=" " ind2=" ">
   <subfield code="a">Βιβλιογραφία</subfield>
  </datafield>
  <datafield tag="500" ind1=" " ind2=" ">
   <subfield code="a">Ευρετήριο</subfield>
  </datafield>
  <datafield tag="650" ind1=" " ind2="4">
   <subfield code="a">Τουριστική οικονομία.</subfield>
  </datafield>
  <datafield tag="852" ind1=" " ind2=" ">
   <subfield code="a">INST</subfield>
   <subfield code="b">UNIPILB</subfield>
   <subfield code="c">MAIN</subfield>
   <subfield code="e">20040709</subfield>
   <subfield code="h">338.4791 ΗΓ</subfield>
   <subfield code="p">00123458</subfield>
   <subfield code="q">00123458</subfield>
   <subfield code="t">LOAN</subfield>
   <subfield code="v">τ.Α:</subfield>
   <subfield code="y">0</subfield>
   <subfield code="z">τ.Α</subfield>
   <subfield code="4">1</subfield>
  </datafield>
  <datafield tag="852" ind1=" " ind2=" ">
   <subfield code="a">INST</subfield>
   <subfield code="b">UNIPILB</subfield>
   <subfield code="c">MAIN</subfield>
   <subfield code="e">20040709</subfield>
   <subfield code="h">338.4791 ΗΓ</subfield>
   <subfield code="p">00123459</subfield>
   <subfield code="q">00123459</subfield>
   <subfield code="t">LOAN</subfield>
   <subfield code="v">τ.Β:</subfield>
   <subfield code="y">0</subfield>
   <subfield code="z">τ.Β</subfield>
   <subfield code="4">2</subfield>
  </datafield>
 </record>
</collection>
